Principles of economics (Record no. 10056)

MARC details
000 -LEADER
fixed length control field 00540cam a2200217ua 4500
008 - FIXED-LENGTH DATA ELEMENTS--GENERAL INFORMATION
fixed length control field 190903n ii |||gr||||Z||||||eng
020 ## - INTERNATIONAL STANDARD BOOK NUMBER
International Standard Book Number 9789352863433
040 ## - CATALOGING SOURCE
Transcribing agency MAIN
041 ## - LANGUAGE CODE
-- eng
082 ## - DEWEY DECIMAL CLASSIFICATION NUMBER
Classification number 330.1
100 ## - MAIN ENTRY--PERSONAL NAME
Personal name Karl E Case,
Relator term
245 ## - TITLE STATEMENT
Title Principles of economics
Statement of responsibility, etc. By Karl E Case and others
250 ## - EDITION STATEMENT
Edition statement 1st imp.
260 ## - PUBLICATION, DISTRIBUTION, ETC.
Place of publication, distribution, etc. Uttar Pradesh:
Name of publisher, distributor, etc. Pearson,
Date of publication, distribution, etc. 2018.
300 ## - PHYSICAL DESCRIPTION
Extent 808p.
700 ## - ADDED ENTRY--PERSONAL NAME
Personal name Ray C Fair,
Relator term
700 ## - ADDED ENTRY--PERSONAL NAME
Personal name Sharon M Oster,
Relator term
942 ## - ADDED ENTRY ELEMENTS (KOHA)
Koha item type Books
653 ## - INDEX TERM--UNCONTROLLED
Uncontrolled term Economics
Holdings
Withdrawn status Lost status Damaged status Not for loan Home library Current library Shelving location Date acquired Total Checkouts Full call number Barcode Date last seen Copy number Price effective from Koha item type
        Central Library, Naharkatiya College Central Library, Naharkatiya College General Stacks 19/09/2020   330.1Principles of economics | CAS 27419 19/09/2020 1 19/09/2020 Books
        Central Library, Naharkatiya College Central Library, Naharkatiya College General Stacks 19/09/2020   330.1Principles of economics | CAS 27420 19/09/2020 2 19/09/2020 Books

Naharkatiya College © 2020. All rights reserved.

Powered By